| 000 | 00376nam a2200145Ia 4500 | ||
|---|---|---|---|
| 005 | 20251222153535.0 | ||
| 008 | 251222s9999||||xx |||||||||||||| ||spa|| | ||
| 020 | _a8447012328 | ||
| 082 | _a342.460.602.632/G23 | ||
| 100 | _aGarcía de Enterría, Eduardo | ||
| 245 | 0 | _aCódigo de la Función Pública: | |
| 250 | _a2a. ed. | ||
| 264 | _bCivitas Ediciones | ||
| 942 | _cLIB | ||
| 999 |
_c30252 _d30252 |
||